| 000 | 00710cam a22002172 4500 | ||
|---|---|---|---|
| 001 | 0000009557 | ||
| 005 | 20151217152057.0 | ||
| 008 | 081110s xx 000 0 eng d | ||
| 020 |
_a1847103550 : _cKES 1750 |
||
| 040 |
_aKABU _cKABU |
||
| 110 | 2 |
_aThe Association of Chartered Certified Accountants. _@0000161242 |
|
| 245 | 1 | 0 |
_aRecording financial transactions / _cACCA. |
| 260 |
_aWokingham, England : _bKAPLAN, _c2007. |
||
| 300 | _axii, 198. | ||
| 650 | 0 |
_aAccounting. _@0000148321 |
|
| 650 | 0 |
_aAccounting _xProblems, exercises, etc. _@0000156243 |
|
| 908 | _a081110 | ||
| 950 | _@1 | ||
| 999 |
_c7971 _d7971 |
||